Normal view
MARC view
Entry Personal Name
001 - CONTROL NUMBER
- control field: 75
003 - CONTROL NUMBER IDENTIFIER
- control field: OSt
005 - DATE AND TIME OF LATEST TRANSACTION
- control field: 20140507162048.0
008 - FIXED-LENGTH DATA ELEMENTS
- fixed length control field: 090925 a|adaaaaaan a aaa c
040 ## - CATALOGING SOURCE
- Original cataloging agency: OSt
- Transcribing agency: OSt
100 1# - HEADING--PERSONAL NAME
- Personal name: Valance, Holly.
- Dates associated with a name: 1983-
400 ## - SEE FROM TRACING--PERSONAL NAME
- Personal name: Vukodinovic, Holly Rachel
400 ## - SEE FROM TRACING--PERSONAL NAME
- Personal name: Valance, Holly Rachel
- Dates associated with a name: 1983-
670 ## - SOURCE DATA FOUND
- Source citation: Work cat.: (OSt)0: Valance, Holly., Footprints, 2002.